Quiz général Damso - Statistiques

Statistiques générales
  • Ce quiz a été pris 485 fois
  • Le résultat moyen est 7 sur 12
Statistiques - réponses
Questions Réponse % Correct
Son premier album Batterie Faible
86%
Où est il né ? RDC Kinshasa
85%
Musique "bannie" Amnésie
84%
Son ex mentor Booba
84%
Prénom de son fils Lior
76%
Son ancien label 92i
71%
Album prévu en 2025 Beyah
63%
Que veut dire QALF Qui Aime Like Follow
49%
Quel est son nom complet ? William Kalubi Mwamba
41%
Dernier feat sortie en date Pyramide
40%
Son label 34 centimes
23%
Ancien pseudo MEVTR
13%
Aucun quiz correspondant
Distribution des résultats
% des personnes avec chaque résultat
Percentile par nombre de réponses
Votre historique - résultats
Vous n’avez pas pris ce quiz